Vista normal
Vista MARC
Entrada Personal Name
Número de registros utilizados en: 1
001 - CONTROL NUMBER
- control field: 7535
003 - CONTROL NUMBER IDENTIFIER
- control field: OSt
005 - DATE AND TIME OF LATEST TRANSACTION
- control field: 20180716125607.0
008 - FIXED-LENGTH DATA ELEMENTS
- fixed length control field: 860407n| acannaabn |a aaa
010 ## - LIBRARY OF CONGRESS CONTROL NUMBER
- LC control number: 85282997
035 ## - SYSTEM CONTROL NUMBER
- System control number: (OCoLC)oca01566264
040 ## - CATALOGING SOURCE
- Original cataloging agency: DLC
- Language of cataloging: spa
- Transcribing agency: Mx-PuUPA
- Modifying agency: DLC
- Modifying agency: NmU
- Modifying agency: Mx-PuUPA
046 ## - SPECIAL CODED DATES
- Birth date: 1924-1999
100 1# - HEADING--PERSONAL NAME
- Personal name: Echeverría, María Esther,
- Dates associated with a name: 1924-1999
370 ## - ASSOCIATED PLACE
- Place of birth: Guadalajara, México
374 ## - OCCUPATION
- Occupation: Política
375 ## - GENDER
- Gender: mujer
377 ## - ASSOCIATED LANGUAGE
- Language code: spa
400 1# - SEE FROM TRACING--PERSONAL NAME
- Personal name: Zuno de Echeverría, María Esther
- Dates associated with a name: 1924-1999
400 1# - SEE FROM TRACING--PERSONAL NAME
- Personal name: De Echeverría, María Esther Zuno
- Dates associated with a name: 1924-1999
670 ## - SOURCE DATA FOUND
- Source citation: Recetario mexicano del maíz, 1983:
- Information found: t.p. verso (María Esther Echeverría)
670 ## - SOURCE DATA FOUND
- Source citation: Yo no soy primera dama, 2006:
- Information found: cover (María Esther Zuno de Echeverría [wife of Mexican president Luis Echeverría]) p. 238 (d. Dec. 1999)
670 ## - SOURCE DATA FOUND
- Source citation: Biblioteca del congreso (Estados Unidos), 19 junio 2018:
- Information found: catálogo electrónico
- Uniform Resource Identifier: https://goo.gl/6VLc4o